ბათუმის შოთა რუსთაველის სახელმწიფო უნივერსიტეტის ბიბლიოთეკა

ადამიანის თავისა და კისრის ნორმალური ანატომიის ატლასი / (ბიბ.ჩანაწერი № 38668)

000 -ლიდერი
ფიქსირებული სიგრძის საკონტროლო ველი 01125nam a2200253Ia 4500
001 - საკონტროლო ნომერი
საკონტროლო ველი 4902
003 - საკონტროლო ნომრის იდენტიფიკატორი
საკონტროლო ველი GE_BSU
005 - ბოლო ოპერაციის თარიღი და დრო
საკონტროლო ველი 20190807130721.0
008 - ფიქსირებული სიგრძის მონაცემთა ელემენტები - ზოგადი ინფორმაცია
ფიქსირებული სიგრძის საკონტროლო ველი 181216s2010||||ge |||||||||||||| ||geo||
020 ## - წიგნის საერთაშორისო სტანდარტული ნომერი
International Standard Book Number 9789941025389
040 ## - კატალოგიზაციის წყარო
Transcribing agency GE_BSU
041 ## - ენის კოდი
Language code of text/sound track or separate title geo
080 ## - უნივერსალური ათობითი კლასიფიკაციის ინდექსი
Universal Decimal Classification number 611.714/716 + 611.73 + 611.31 + 611.81 + 611.92 ჩ-23
100 ## - მთავარი ჩანაწერი - პიროვნების სახელი
Personal name ჩანტლაძე, ვ.
9 (RLIN) 3436
245 ## - ცნობა სათაურის შესახებ
Title ადამიანის თავისა და კისრის ნორმალური ანატომიის ატლასი /
Statement of responsibility, etc რედ. მზია ბაქრაძე.
264 ## - წარმოების, გამოცემის, დისტრიბუციის და სხვა ცნობები
გამოცემის, წარმოების, დისტრიბუციის... ადგილი თბილისი :
გამოცემის, წარმოების, დისტრიბუციის... სახელწოდება თსუ ;
გამოცემის, წარმოების, დისტრიბუციის... თარიღი 2010.
300 ## - ფიზიკური აღწერა
Extent 271 გვ. ;
Dimensions 25 სმ.
653 ## - INDEX TERM--UNCONTROLLED
Uncontrolled term ადამიანის თავისა და კისრის ნორმალური ანატომიის ატლასი
653 ## - INDEX TERM--UNCONTROLLED
Uncontrolled term ადამიანის ანატომიის ატლასი
653 ## - INDEX TERM--UNCONTROLLED
Uncontrolled term მედიცინა
700 ## - ADDED ENTRY--PERSONAL NAME
Personal name ბაქრაძე, მზია
Relator term რედაქტორი
9 (RLIN) 3437
942 ## - ADDED ENTRY ELEMENTS (KOHA)
Koha item type წიგნი
Source of classification or shelving scheme
ეგზემპლარები
ჩამოწერის სტატუსი დაკარგული ეგზემპლარის სტატუსი კლასიფიკაციის წყარო ან თაროზე გაწყობის სქემა დაზიანების სტატუსი არ გაიცემა მუდმივი მდებარეობა (დაცვის ადგილი) ამჟამინდელი ადგილსამყოფელი თაროზე განთავსების ადგილი შეძენის თარიღი ღირებულება, შესყიდვის ნორმალური ფასი სრული შენახვის შიფრი შტრიხკოდი ბოლო ოპერაციის თარიღი ეგზემპლარის მიმდევრობითი ნომერი (კეტერი?) ფასის ძალაში შესვლის თარიღი ეგზემპლარის სახეობა საჯარო შენიშვნა
          ბათუმის შოთა რუსთაველის სახელმწიფო უნივერსიტეტის მთავარი ბიბლიოთეკა ბათუმის შოთა რუსთაველის სახელმწიფო უნივერსიტეტის მთავარი ბიბლიოთეკა წიგნსაცავი 2018-12-17 59.90 611.714/716 + 611.73 + 611.31 + 611.81 + 611.92 ჩ-23 13161 2018-12-17 13161 2018-12-17 წიგნი 59.90 ლ.